[Event "?"]
[Site "?"]
[Date "????.??.??"]
[Round "?"]
[White "Wiemer, J."]
[Black "Wicklund-Hansen, R."]
[Result "1-0"]
[WhiteElo "2115"]
[BlackElo "1986"]
[Annotator "221"]
[PlyCount "55"]

1. e4 Nc6 2. Nc3 d6 3. Bb5 Bd7 4. Nge2 a6 5. Ba4 g6 6. d4 Bg7 7. Be3 Na5 8.
Bxd7+ Qxd7 9. b3 Nf6 10. h3 Nc6 11. Qd2 e5 12. d5 Ne7 13. f3 h5 14. O-O c6 15.
Na4 Nc8 16. c4 c5 17. Nb2 O-O 18. Bh6 Kh7 19. Bxg7 Kxg7 20. Nd3 b5 21. cxb5
axb5 22. Qe3 b4 23. f4 exf4 24. Ndxf4 Qe7 25. Ng3 Qe5 26. Nd3 Qe7 27. Qg5 Nb6
28. Nf5+ 1-0

[Event "?"]
[Site "?"]
[Date "????.??.??"]
[Round "?"]
[White "Gue, B."]
[Black "Potthammel , J."]
[Result "0-1"]
[WhiteElo "1896"]
[BlackElo "2109"]
[Annotator "222"]
[PlyCount "100"]

1. d4 Nf6 2. c4 g6 3. Nc3 d5 4. Nf3 Bg7 5. cxd5 Nxd5 6. Bd2 c5 7. dxc5 Nxc3 8.
Bxc3 Bxc3+ 9. bxc3 Qa5 10. Qd4 O-O 11. Qb4 Qc7 12. e3 Nd7 13. Be2 Nxc5 14. O-O
e5 15. c4 b6 16. Qb2 Re8 17. Rfd1 Bb7 18. a4 Bxf3 19. Bxf3 e4 20. Be2 Qe5 21.
Qc2 Rad8 22. Rab1 Rxd1+ 23. Rxd1 Qe7 24. h3 Rd8 25. Rd5 Rd7 26. Qd1 Qe8 27.
Rxd7 Qxd7 28. Qxd7 Nxd7 29. f3 Nc5 30. Bd1 f5 31. fxe4 Nxe4 32. g4 Kg7 33. gxf5
gxf5 34. Bc2 Kf6 35. Bxe4 fxe4 36. Kf2 h5 37. Kg3 Kg5 38. h4+ Kf5 39. Kh3 Kf6
40. Kg3 Ke5 41. Kf2 Kd6 42. Kg3 Ke5 43. Kh3 a6 44. Kg3 a5 45. Kh3 Kd6 46. Kg3
Kc5 47. Kf4 Kxc4 48. Kxe4 b5 49. axb5 Kxb5 50. Kd4 a4 0-1

[Event "?"]
[Site "?"]
[Date "????.??.??"]
[Round "?"]
[White "Feavyour, J."]
[Black "Kunath, E."]
[Result "1/2-1/2"]
[WhiteElo "2068"]
[BlackElo "1985"]
[Annotator "231"]
[PlyCount "41"]

1. d4 Nf6 2. c4 c5 3. d5 e5 4. Nc3 d6 5. e4 Be7 6. Nf3 O-O 7. Be2 Bd7 8. O-O
Na6 9. h3 Nc7 10. Be3 a6 11. a4 Rb8 12. Nxe5 dxe5 13. d6 Ne6 14. dxe7 Qxe7 15.
Nd5 Nxd5 16. cxd5 Nd4 17. Bxd4 cxd4 18. Bg4 Rbc8 19. Qb3 Bxg4 20. hxg4 Qd7 21.
f3 1/2-1/2